000 00318nam a2200133Ia 4500
008 230917s9999||||xx |||||||||||||| ||und||
040 _e157694
_aMAIN
041 _aEnglish
082 _a970 H782H
245 0 _aHorizon. 9 (4); 1967
260 _aNew York
_bAmerican Heritage
_c1967
300 _a120 p.
942 _cBK
999 _c233152
_d233152